1994 1129 1500 1314 1556 1130 1962 1226 1506 1841 1471 1761 1888 1534 1798 1181 1829 1945 1628 1842 1279 1773 1379 1590 1505 1124 1542 1218 1769 1337 1168 1357 1830 1325 1560 1642 1139 1079 1414 1403 1100 1895 1412 1071 1865 1747 1927 1030 1406 1213 1523 1805 1269 1181 1554 1603 1111 1297 1611 1704 1778 1509 1555 1460 1895 1927 1529 1080 1616 1483 1846 1825 1585 1480 1491 1672 1635 1973 1721 1150 1107 1032 1808 1436 1374 1593 1004 1176 1540 1785 1840 1300 1638 1665 1706 1974 1893 1450 1119 BCNSPRNW ULIB Ver.6.0+V

เปลี่ยนเป็นภาษาไทย

Change to English
 แสดงรายละเอียดบรรณานุกรม
  กลับหน้าหลัก

Brief Record : Get Marc (ISO 2709) : E-mail record : QR code < ปิดหน้าต่าง
LEADER : 00000nam 2200000uu 4500
001    13399121591
003     ULIB
008    121126s2550||||th 000 0 tha d
020    ^a9789747361643
060 04 ^aWT120^bป297ค
100 0  ^aประพจน์ เภตรากาศ
245 10 ^aคู่มือผู้สูงอายุ :^bฉบับบริหารร่างกาย/ ^cประพจน์ เภตรากาศ
250    ^aพิมพ์ครั้งที่ 17
260    ^aกรุงเทพฯ :^bหมอชาวบ้าน,^c2550
300    ^a42 หน้า :^bภาพประกอบ ;^c21 ซม.
650  7 ^aการออกกำลังกาย^xในวัยชรา
650  7 ^aผู้สูงอายุ^xสุขภาพและอนามัย
650  7 ^aการออกกำลังสำหรับผู้สุงอายุ
945    ^p45^l0^i15220
995    ^aวิภา
999 ^a ใช้งานได้ทุกระบบ
รายการนี้ยังไม่มีแท็ก
คุณยังไม่ได้ล็อกอิน คุณสามารถมีกิจกรรมร่วมกับเว็บไซต์ได้ แต่ต้องล็อกอินก่อน ::
  ล็อกอิน

รายการสื่อสารสนเทศ

ลำดับที่ ประเภท เลขเรียก/บาร์โค้ด สถานที่ สถานะ
1. วิทยาศาสตร์การแพทย์ และสุขภาพ
วิทยาศาสตร์การแพทย์ และสุขภาพ
WT120 ป297ค  
  Barcode: 15220
ห้องสมุดวิทยาเขตสวรรค์ประชารักษ์
►ส่วนจัดเก็บหนังสือเก่า สปร
บนชั้น
  ขอยืม

รายการใกล้เคียง
    ผู้แต่ง [ประพจน์ เภตรากาศ]

    หัวเรื่อง [การออกกำลังสำหรับผู้สุงอายุ]

BibComment


ยังไม่เคยถูกคอมเมนท์

คอมเมนท์ทรัพยากรรายการนี้
  คอมเมนท์: คู่มือผู้สูงอายุ..


 Copyright 2026. Bcnsprnw @Library